00281pab a2200121 454500008004000000100001600040245004100056260000900097300001200106362000800118650002200126773001100148180718b1996 xxu||||| |||| 00| 0 eng d aRaoot, S.G. aIRDP: should it be project oriented? c1996 ap.20,23 aDec aRural development aYojana